[Event "EOBCC 2020"]
[Site "Online"]
[Date "2020.12.18"]
[Round "10.3"]
[White "Ozen, Deniz"]
[Black "Indjic, Aleksandar"]
[Result "0-1"]
[WhiteElo "2412"]
[BlackElo "2604"]
[Annotator "ChessBase"]
[PlyCount "104"]
[EventDate "2020.12.18"]
[EventType "tourn"]
[EventCountry "NET"]
[SourceTitle "playchess.com"]
[Source "ChessBase"]
[SourceQuality "1"]

1. e4 e5 2. Nf3 Nf6 3. d4 Nxe4 4. Bd3 d5 5. Nxe5 Nd7 6. Nxf7 Kxf7 7. Qh5+ Ke7 8. Qe2 Ndf6 9. f3 Be6 10. fxe4 dxe4 11. Bxe4 Qxd4 12. Bf5 Qd5 13. Bxe6 Qxe6 14. Qxe6+ Kxe6 15. Nc3 Re8 16. O-O Bc5+ 17. Kh1 Kd7 18. Bg5 Ng4 19. h3 Nf2+ 20. Kh2 Rhf8 21. Bh4 Bd6+ 22. Kg1 Ne4 23. Nxe4 Rxe4 24. Rxf8 Bxf8 25. Bg5 Re2 26. Rd1+ Ke6 27. Rd2 Bc5+ 28. Kf1 Rxd2 29. Bxd2 Kd5 30. Ke2 Ke4 31. Be1 g6 32. Bd2 c6 33. Be1 Bd4 34. c3 Be5 35. Bf2 a6 36. Bb6 Bf6 37. Bf2 b5 38. Bc5 Bg5 39. Bf2 Be7 40. Be1 c5 41. Bd2 c4 42. a3 h5 43. Bc1 Bd6 44. Bd2 Bf4 45. Bxf4 Kxf4 46. Kf2 g5 47. g3+ Ke4 48. Ke2 g4 49. hxg4 hxg4 50. Kf2 Kd3 51. Kf1 Kc2 52. Ke2 Kxb2 0-1

[Event "EOBCC 2020"]
[Site "Online"]
[Date "2020.12.18"]
[Round "10.4"]
[White "Bluebaum, Matthias"]
[Black "Onischuk, Vladimir"]
[Result "0-1"]
[WhiteElo "2672"]
[BlackElo "2633"]
[Annotator "TA"]
[PlyCount "92"]
[EventDate "2020.12.18"]
[EventType "tourn"]
[EventCountry "NET"]
[SourceTitle "playchess.com"]
[Source "ChessBase"]
[SourceQuality "1"]

1. d4 d6 2. Nf3 g6 3. c4 Bg7 4. Nc3 e5 5. e4 exd4 6. Nxd4 Nc6 7. Be3 Nge7 8. h4 h6 9. Qd2 Be6 10. Be2 Qd7 11. Nd5 a6 12. Nxe6 fxe6 13. Bg4 Rc8 14. Nf4 Nd8 15. h5 g5 16. Ng6 Nxg6 17. hxg6 Nc6 18. f4 gxf4 19. Bxf4 Ne5 20. Be2 Qe7 21. O-O-O b6 22. Kb1 Ra8 23. g4 Kd7 24. g5 hxg5 25. Bxg5 Qe8 26. Rhg1 Rh3 27. Be3 Kc8 28. Bd4 Kb7 29. Bc3 Qc6 30. Qc2 Rf8 31. Rgf1 Rxf1 32. Rxf1 Rh2 33. c5 bxc5 34. Re1 c4 35. Ka1 Nd3 36. Rd1 Bxc3 37. bxc3 Rg2 38. Rb1+ Ka7 39. Qd2 Qc5 40. Rf1 Qa3 41. Rb1 Nc5 42. Qe3 Rxg6 43. Bxc4 Rg2 44. e5 d5 45. Bxd5 exd5 46. e6 Qxa2# 0-1

[Event "EOBCC 2020"]
[Site "Online"]
[Date "2020.12.18"]
[Round "10.5"]
[White "Navara, David"]
[Black "Bogner, Sebastian"]
[Result "1-0"]
[WhiteElo "2697"]
[BlackElo "2577"]
[Annotator "TA"]
[PlyCount "87"]
[EventDate "2020.12.18"]
[EventType "tourn"]
[EventCountry "NET"]
[SourceTitle "playchess.com"]
[Source "ChessBase"]
[SourceQuality "1"]

1. d4 Nf6 2. c4 e6 3. Nc3 d5 4. cxd5 Nxd5 5. e3 c5 6. Bd3 Nc6 7. Nf3 cxd4 8. exd4 Be7 9. O-O O-O 10. Re1 Bf6 11. Be4 Nce7 12. Qd3 g6 13. Bh6 Re8 14. h4 Bd7 15. h5 Bc6 16. Bg5 Bxg5 17. Nxg5 Nf5 18. Bxd5 Bxd5 19. Nxd5 Qxd5 20. hxg6 fxg6 21. Qh3 h6 22. Nf3 Kg7 23. Ne5 Rad8 24. Rac1 Rc8 25. Qg4 Ne7 26. Rxc8 Rxc8 27. Nd3 Qf5 28. Qg3 Nc6 29. d5 exd5 30. Nf4 Kh7 31. Ne6 d4 32. Qd6 Re8 33. Ng5+ hxg5 34. Rxe8 Qb1+ 35. Kh2 Qf5 36. Rf8 Qe5+ 37. Qxe5 Nxe5 38. Rd8 Nc6 39. Rd7+ Kh6 40. Kg3 b6 41. a3 Ne5 42. Rxd4 g4 43. Rxg4 Nxg4 44. Kxg4 1-0

[Event "EOBCC 2020"]
[Site "Online"]
[Date "2020.12.18"]
[Round "10.6"]
[White "Jones, Gawain C B"]
[Black "Dourerassou, Jonathan"]
[Result "1-0"]
[WhiteElo "2670"]
[BlackElo "2477"]
[Annotator "TA"]
[PlyCount "97"]
[EventDate "2020.12.18"]
[EventType "tourn"]
[EventCountry "NET"]
[SourceTitle "playchess.com"]
[Source "ChessBase"]
[SourceQuality "1"]

1. Nf3 Nf6 2. b3 g6 3. Bb2 Bg7 4. g3 O-O 5. Bg2 d5 6. c4 c6 7. O-O Nbd7 8. Nc3 e6 9. Qc2 Re8 10. d4 b6 11. e4 dxe4 12. Nxe4 Bb7 13. Nd6 Qc7 14. Nxe8 Rxe8 15. Rad1 c5 16. dxc5 Nxc5 17. Be5 Qc8 18. Qb2 Nh5 19. Bxg7 Nxg7 20. Ne5 Bxg2 21. Kxg2 h5 22. b4 Ne4 23. Rfe1 Ng5 24. h4 Qa8+ 25. f3 Nh7 26. Rd7 Rf8 27. Nxg6 Nf5 28. Nxf8 Nxf8 29. Rd3 Ng6 30. Qf6 Qb7 31. Rxe6 Ng7 32. Rd8+ Kh7 33. Re4 Qa6 34. Rd2 Qb7 35. Rde2 Qc7 36. a4 a5 37. b5 Qc5 38. Qxf7 Qa3 39. Re7 Nxe7 40. Rxe7 Qb2+ 41. Kh3 Kh6 42. Qxg7+ Qxg7 43. Rxg7 Kxg7 44. c5 bxc5 45. b6 c4 46. b7 c3 47. b8=Q c2 48. Qb2+ Kh6 49. Qxc2 1-0

[Event "EOBCC 2020"]
[Site "Online"]
[Date "2020.12.18"]
[Round "10.7"]
[White "Sanal, Vahap"]
[Black "Cheparinov, Ivan"]
[Result "1/2-1/2"]
[WhiteElo "2557"]
[BlackElo "2688"]
[Annotator "TA"]
[PlyCount "78"]
[EventDate "2020.12.18"]
[EventType "tourn"]
[EventCountry "NET"]
[SourceTitle "playchess.com"]
[Source "ChessBase"]
[SourceQuality "1"]

1. Nf3 c5 2. g3 Nc6 3. c4 g6 4. Bg2 Bg7 5. Nc3 e6 6. O-O Nge7 7. a3 O-O 8. Rb1 d5 9. cxd5 exd5 10. b4 d4 11. Ne4 cxb4 12. axb4 Bf5 13. Nh4 Be6 14. Nc5 Ba2 15. Rb2 Bd5 16. Nxb7 Qb6 17. Nc5 Rfd8 18. Nd3 a6 19. Rb1 Bxg2 20. Nxg2 Nd5 21. Qb3 Rab8 22. Ba3 a5 23. b5 Ncb4 24. Bxb4 axb4 25. Rfc1 Qxb5 26. Rc4 Rdc8 27. Rxc8+ Rxc8 28. Ngf4 Nxf4 29. Nxf4 Bf8 30. Nd3 Qe8 31. Kf1 Qc6 32. f3 Qd7 33. Kf2 Qh3 34. Kg1 Re8 35. Re1 Qd7 36. Qc4 Rc8 37. Qb3 Re8 38. Qc4 Rc8 39. Qb3 Re8 1/2-1/2

[Event "EOBCC 2020"]
[Site "Online"]
[Date "2020.12.18"]
[Round "10.8"]
[White "Demidov, Mikhail"]
[Black "Meier, Georg"]
[Result "1/2-1/2"]
[WhiteElo "2526"]
[BlackElo "2628"]
[Annotator "TA"]
[PlyCount "31"]
[EventDate "2020.12.18"]
[EventType "tourn"]
[EventCountry "NET"]
[SourceTitle "playchess.com"]
[Source "ChessBase"]
[SourceQuality "1"]

1. Nf3 d5 2. d4 Nf6 3. Bf4 c5 4. dxc5 e6 5. e3 Bxc5 6. Be2 O-O 7. O-O Nc6 8. c4 dxc4 9. Bxc4 Qxd1 10. Rxd1 Bd7 11. Nc3 Rfd8 12. Bc7 Rdc8 13. Bg3 Rd8 14. Bc7 Rdc8 15. Bg3 Rd8 16. Bc7 1/2-1/2

[Event "EOBCC 2020"]
[Site "Online"]
[Date "2020.12.18"]
[Round "10.9"]
[White "Costachi, Mihnea"]
[Black "Safarli, Eltaj"]
[Result "0-1"]
[WhiteElo "2471"]
[BlackElo "2598"]
[Annotator "ChessBase"]
[PlyCount "142"]
[EventDate "2020.12.18"]
[EventType "tourn"]
[EventCountry "NET"]
[SourceTitle "playchess.com"]
[Source "ChessBase"]
[SourceQuality "1"]

1. d4 Nf6 2. c4 e6 3. Nf3 b6 4. g3 Ba6 5. Qc2 Bb7 6. Bg2 c5 7. d5 exd5 8. cxd5 g6 9. O-O Bg7 10. e4 O-O 11. Nc3 d6 12. Re1 Nbd7 13. Bf4 Ne8 14. e5 dxe5 15. Nxe5 Nxe5 16. Bxe5 Bxe5 17. Rxe5 Nd6 18. Rae1 Qf6 19. h4 Nf5 20. h5 Nd4 21. Qe4 Rfd8 22. hxg6 hxg6 23. Qg4 Kg7 24. f4 Bc8 25. Qd1 Bf5 26. g4 Bc2 27. Qd2 Qh4 28. Qf2 Qxg4 29. Rg5 Qd7 30. Ree5 f6 31. Qe3 fxe5 32. fxe5 Rf8 33. e6 Qd6 34. e7 Rfe8 35. Re5 Nf5 36. Qf4 Qf6 37. Re6 Qd4+ 38. Qxd4+ cxd4 39. Nb5 Rxe7 40. Rxe7+ Nxe7 41. d6 Rd8 42. dxe7 Re8 43. Nxd4 Ba4 44. Bc6 Bxc6 45. Nxc6 a5 46. Kf2 Kf6 47. Kf3 Ke6 48. Ke4 Kd6 49. Nd4 Rxe7+ 50. Kd3 Kd5 51. Nf3 Rh7 52. Ng5 Rh5 53. Nf3 Rh3 54. Ke3 Kc4 55. Ke4 Rxf3 56. Kxf3 Kd3 57. b4 axb4 58. Kf4 Kc2 59. Kg5 Kb2 60. a3 bxa3 61. Kh6 a2 62. Kh7 a1=Q 63. Kg8 Qa7 64. Kh8 g5 65. Kg8 g4 66. Kh8 g3 67. Kg8 g2 68. Kh8 b5 69. Kg8 g1=Q+ 70. Kf8 Qgg7+ 71. Ke8 Qg8# 0-1

[Event "EOBCC 2020"]
[Site "Online"]
[Date "2020.12.18"]
[Round "10.10"]
[White "Sjugirov, Sanan"]
[Black "Can, Isik"]
[Result "1-0"]
[WhiteElo "2663"]
[BlackElo "2380"]
[Annotator "ChessBase"]
[PlyCount "105"]
[EventDate "2020.12.18"]
[EventType "tourn"]
[EventCountry "NET"]
[SourceTitle "playchess.com"]
[Source "ChessBase"]
[SourceQuality "1"]

1. d4 d5 2. c4 c6 3. Nf3 Nf6 4. e3 Bg4 5. Qb3 Qb6 6. Nc3 e6 7. Nh4 Bh5 8. h3 Be7 9. g4 Bg6 10. Nxg6 hxg6 11. Bg2 g5 12. Bd2 Nbd7 13. Qa4 Qb4 14. Qc2 Qb6 15. cxd5 Nxd5 16. a3 Qa6 17. Ne4 Nb4 18. Qb3 Nd3+ 19. Kd1 f5 20. Kc2 fxe4 21. Bxe4 Nxf2 22. Bg6+ Kd8 23. Rhf1 Rh6 24. Qxe6 Nf8 25. Qg8 Rxg6 26. Rxf2 Rf6 27. Raf1 Kc8 28. Qxg7 Qc4+ 29. Bc3 Rxf2+ 30. Rxf2 Qe6 31. Rxf8+ Bxf8 32. Qxf8+ Kd7 33. Qxa8 Qe4+ 34. Kc1 Qh1+ 35. Kc2 Qe4+ 36. Kd2 Qg2+ 37. Kd3 Qf1+ 38. Ke4 Qg2+ 39. Kf5 Qd5+ 40. Kg6 Qe6+ 41. Kxg5 Qe7+ 42. Kf4 Qd6+ 43. Kf3 Qd5+ 44. e4 Qf7+ 45. Kg3 Kc7 46. Qxa7 Qf1 47. Qa5+ Kb8 48. Qe5+ Ka8 49. Qa5+ Kb8 50. Qf5 Qd3+ 51. Qf3 Qc4 52. e5 Qe6 53. Qf5 1-0

[Event "EOBCC 2020"]
[Site "Online"]
[Date "2020.12.18"]
[Round "10.11"]
[White "Sarana, Alexey"]
[Black "Gajewski, Grzegorz"]
[Result "1-0"]
[WhiteElo "2636"]
[BlackElo "2596"]
[Annotator "TA"]
[PlyCount "45"]
[EventDate "2020.12.18"]
[EventType "tourn"]
[EventCountry "NET"]
[SourceTitle "playchess.com"]
[Source "ChessBase"]
[SourceQuality "1"]

1. d4 Nf6 2. c4 e6 3. Nf3 d5 4. Nc3 Bb4 5. Bg5 dxc4 6. e4 h6 7. Bxf6 Qxf6 8. Bxc4 c5 9. O-O O-O 10. e5 Qd8 11. Ne4 cxd4 12. Nxd4 Bd7 13. Qg4 Be7 14. Rad1 Qb6 15. Nf6+ Bxf6 16. exf6 g6 17. Nf3 Kh7 18. Ng5+ Kg8 19. Qh4 h5 20. Qf4 e5 21. Qxe5 Nc6 22. Qf4 Bf5 23. Nxf7 1-0

[Event "EOBCC 2020"]
[Site "Online"]
[Date "2020.12.18"]
[Round "10.12"]
[White "Yilmaz, Mustafa"]
[Black "Wagner, Dennis"]
[Result "1-0"]
[WhiteElo "2630"]
[BlackElo "2581"]
[Annotator "ChessBase"]
[PlyCount "161"]
[EventDate "2020.12.18"]
[EventType "tourn"]
[EventCountry "NET"]
[SourceTitle "playchess.com"]
[Source "ChessBase"]
[SourceQuality "1"]

1. d4 Nf6 2. c4 g6 3. Nc3 d5 4. Nf3 Bg7 5. cxd5 Nxd5 6. e4 Nxc3 7. bxc3 c5 8. Be3 Qa5 9. Qd2 Nc6 10. Rb1 a6 11. Rc1 cxd4 12. cxd4 Qxd2+ 13. Kxd2 e6 14. h4 O-O 15. Bd3 h6 16. Rc5 Bd7 17. Rb1 b5 18. Rbc1 Rfc8 19. Ke2 Bf8 20. R5c3 h5 21. Nd2 Bb4 22. R3c2 Ba3 23. Rb1 Nb4 24. Rxc8+ Rxc8 25. Rb3 Nxd3 26. Rxa3 Nb4 27. Kd1 Kg7 28. Nb3 Rc4 29. Na5 Rc8 30. Nb7 Rc4 31. Na5 Rc8 32. Bd2 Nc6 33. Nb3 Nb8 34. Nc5 Bc6 35. Rd3 Nd7 36. Nxd7 Bxd7 37. d5 Rc4 38. f3 Kf8 39. d6 e5 40. Ra3 Rc6 41. Ke2 f6 42. Bb4 Kf7 43. g3 Ke6 44. Rd3 Rc4 45. a3 Rc2+ 46. Ke3 Rc4 47. f4 Bc6 48. d7 Rxe4+ 49. Kd2 Bxd7 50. Rd6+ Kf5 51. Rxd7 exf4 52. gxf4 Rxf4 53. Rd6 Rxh4 54. Rxa6 Rf4 55. Rb6 h4 56. Rxb5+ Kg4 57. Bd6 Rf2+ 58. Ke3 Rf3+ 59. Ke2 Rc3 60. Rb4+ Kh5 61. a4 h3 62. a5 h2 63. Rb1 Rc4 64. Rh1 Rc2+ 65. Kd3 Rc6 66. Rxh2+ Kg4 67. Bb4 f5 68. Rc2 Ra6 69. Kc4 f4 70. Kb5 Ra8 71. a6 Rb8+ 72. Ka5 f3 73. a7 Ra8 74. Bc5 Kg3 75. Ka6 Rg8 76. Kb7 Rg7+ 77. Kb6 Rg8 78. Bd6+ Kg4 79. Bb8 Rc8 80. Rxc8 f2 81. Rf8 1-0

[Event "EOBCC 2020"]
[Site "Online"]
[Date "2020.12.18"]
[Round "10.13"]
[White "Petrosyan, Manuel"]
[Black "Stefansson, Hannes"]
[Result "1-0"]
[WhiteElo "2628"]
[BlackElo "2536"]
[Annotator "ChessBase"]
[PlyCount "107"]
[EventDate "2020.12.18"]
[EventType "tourn"]
[EventCountry "NET"]
[SourceTitle "playchess.com"]
[Source "ChessBase"]
[SourceQuality "1"]

1. d4 Nf6 2. c4 e6 3. Nf3 d5 4. Nc3 Bb4 5. cxd5 exd5 6. Bg5 h6 7. Bh4 O-O 8. e3 Bf5 9. Be2 g5 10. Bg3 Ne4 11. Qb3 c5 12. dxc5 Nc6 13. O-O Nxc5 14. Qd1 Bxc3 15. bxc3 Ne4 16. Rc1 Qf6 17. Nd4 Bg6 18. Bf3 Ne5 19. Bxe4 dxe4 20. Bxe5 Qxe5 21. Qb3 b6 22. Rfd1 Rfd8 23. Qa4 a6 24. Qb4 Qc7 25. c4 Rac8 26. Rb1 Qxc4 27. Qxb6 Qxa2 28. Ra1 Qc4 29. h3 Rb8 30. Qf6 Qd5 31. Ne6 Qxe6 32. Rxd8+ Rxd8 33. Qxd8+ Kh7 34. Rb1 Qe5 35. Rd1 Bf5 36. Qd4 Qxd4 37. Rxd4 Kg6 38. Rd6+ f6 39. Rxa6 h5 40. Ra4 h4 41. Kf1 Kf7 42. Ke2 Ke6 43. Kd2 Ke5 44. Ra5+ Ke6 45. Kc3 Bg6 46. Kd4 Bf5 47. Ra6+ Kf7 48. Ra7+ Ke6 49. Rb7 Bg6 50. Rb8 Ke7 51. Kd5 Bf5 52. Rb4 Kf7 53. Kd6 Bg6 54. Rb7+ 1-0

[Event "EOBCC 2020"]
[Site "Online"]
[Date "2020.12.18"]
[Round "10.14"]
[White "Kollars, Dmitrij"]
[Black "Deac, Bogdan-Daniel"]
[Result "0-1"]
[WhiteElo "2598"]
[BlackElo "2625"]
[Annotator "ChessBase"]
[PlyCount "134"]
[EventDate "2020.12.18"]
[EventType "tourn"]
[EventCountry "NET"]
[SourceTitle "playchess.com"]
[Source "ChessBase"]
[SourceQuality "1"]

1. e4 e5 2. Nf3 Nc6 3. Bb5 Nf6 4. O-O Nxe4 5. Re1 Nd6 6. Nxe5 Be7 7. Bf1 Nf5 8. Nf3 d5 9. d4 O-O 10. c3 Re8 11. Bd3 Bd6 12. Rxe8+ Qxe8 13. Nbd2 Nce7 14. Qc2 g6 15. Nf1 f6 16. b3 Nc6 17. Bd2 Qf7 18. Qb2 Be6 19. c4 Ncxd4 20. Nxd4 Nxd4 21. Bc3 c5 22. Ne3 dxc4 23. Nxc4 Bc7 24. Bxd4 cxd4 25. Qxd4 Rd8 26. Qe3 b5 27. Nd2 Bb6 28. Qe2 Bd7 29. a4 Re8 30. Qf1 bxa4 31. Bc4 Be6 32. Rxa4 Rd8 33. Ra2 Kg7 34. g3 Qd7 35. Bxe6 Qxe6 36. Nc4 Bc5 37. Qe2 Qd7 38. Rd2 Qc7 39. Rxd8 Qxd8 40. Qe4 Qd1+ 41. Kg2 Qxb3 42. Qd5 Be7 43. h4 h5 44. Kg1 Qb1+ 45. Kh2 Qa2 46. Kg2 Qb3 47. Kg1 Qb1+ 48. Kg2 Qa2 49. Qe6 Kf8 50. Qe4 Qa4 51. Qa8+ Kg7 52. Qe4 Qd7 53. Kg1 Bc5 54. Qf4 Qe7 55. Nd2 Bb4 56. Nf3 a5 57. Kg2 a4 58. Qc4 a3 59. Qa6 Bc5 60. Qa5 Qd6 61. Qa4 Qd5 62. Qa5 a2 63. Kg1 Qxf3 64. Qxa2 Qxg3+ 65. Kf1 Qxf2+ 66. Qxf2 Bxf2 67. Kxf2 g5 0-1

[Event "EOBCC 2020"]
[Site "Online"]
[Date "2020.12.18"]
[Round "10.15"]
[White "Keymer, Vincent"]
[Black "Moranda, Wojciech"]
[Result "0-1"]
[WhiteElo "2588"]
[BlackElo "2618"]
[Annotator "ChessBase"]
[PlyCount "128"]
[EventDate "2020.12.18"]
[EventType "tourn"]
[EventCountry "NET"]
[SourceTitle "playchess.com"]
[Source "ChessBase"]
[SourceQuality "1"]

1. d4 Nf6 2. c4 e6 3. Nf3 d5 4. Nc3 c6 5. e3 a6 6. Qc2 c5 7. cxd5 exd5 8. Be2 Nc6 9. O-O Be6 10. Rd1 Nb4 11. Qb1 Qc8 12. Bd2 Bf5 13. Qc1 c4 14. a3 Nd3 15. Bxd3 Bxd3 16. Ne5 Bf5 17. Ne2 Bd6 18. Ng3 O-O 19. Bb4 Rd8 20. Bxd6 Rxd6 21. f3 b5 22. Qc3 a5 23. Re1 Be6 24. Rad1 Qb7 25. e4 b4 26. axb4 axb4 27. Qc1 Rc8 28. Nxf7 Qxf7 29. e5 Rdc6 30. exf6 Qxf6 31. Nh5 Qf7 32. Re5 c3 33. bxc3 bxc3 34. Rde1 Bf5 35. Nf4 Rd6 36. Qa3 Rd7 37. Rc1 c2 38. Qa2 Kh8 39. Nxd5 Be6 40. Rxc2 Rxc2 41. Qxc2 Rxd5 42. Rxd5 Bxd5 43. Qc8+ Qg8 44. Qc7 h6 45. Qe5 Qf7 46. h4 Qd7 47. Kf2 Bf7 48. g4 Qc6 49. Kg3 Bd5 50. Qf4 Qe6 51. h5 Kg8 52. Qb8+ Kh7 53. Qf4 Qd7 54. Qe5 Qf7 55. f4 Qd7 56. g5 hxg5 57. fxg5 Qe6 58. g6+ Kh6 59. Kf4 Qxe5+ 60. Kxe5 Bb3 61. d5 Kxh5 62. d6 Ba4 63. Kf5 Kh6 64. Ke6 Kxg6 0-1

[Event "EOBCC 2020"]
[Site "Online"]
[Date "2020.12.18"]
[Round "10.16"]
[White "Suleymanli, Aydin"]
[Black "Sargissian, Gabriel"]
[Result "0-1"]
[WhiteElo "2512"]
[BlackElo "2682"]
[Annotator "ChessBase"]
[PlyCount "126"]
[EventDate "2020.12.18"]
[EventType "tourn"]
[EventCountry "NET"]
[SourceTitle "playchess.com"]
[Source "ChessBase"]
[SourceQuality "1"]

1. d4 Nf6 2. Bg5 d5 3. Bxf6 exf6 4. e3 c6 5. c4 dxc4 6. Bxc4 Bd6 7. Nc3 O-O 8. Nge2 f5 9. Qc2 Nd7 10. a3 Nf6 11. h3 Qe7 12. O-O Bd7 13. Rae1 Rae8 14. Bd3 g6 15. Qd2 Bb8 16. b4 Qd6 17. f4 Be6 18. Kh1 Re7 19. Ng1 Bd5 20. Nf3 Bxf3 21. Rxf3 Rfe8 22. Qa2 h5 23. Qc2 Kg7 24. Bc4 h4 25. Nd1 Ne4 26. Kg1 g5 27. Nf2 Ng3 28. fxg5 Qxd4 29. Qc1 f4 30. Ng4 fxe3 31. Rexe3 Bf4 32. Rxf4 Qxf4 33. Qc3+ Kg6 34. Bd3+ Ne4 35. Qf6+ Qxf6 36. Nxf6 Rd8 37. Nxe4 Rxd3 38. Rxd3 Rxe4 39. Rd7 b5 40. Rxa7 Re3 41. Kf2 Rc3 42. Kg1 Rc2 43. Rc7 Rc3 44. Kf2 Kxg5 45. Rxf7 Rxa3 46. Rc7 Rc3 47. Ke2 Rc4 48. Kd3 Kf5 49. Rf7+ Ke6 50. Rc7 Kd6 51. Rh7 Rxb4 52. Rh6+ Kc5 53. Rg6 Rc4 54. Rg5+ Kb4 55. Kd2 c5 56. g3 hxg3 57. Rxg3 Rh4 58. Rg4+ Rxg4 59. hxg4 Kc4 60. Ke3 Kd5 61. Kd3 Ke5 62. Ke3 b4 63. Kd3 Kf4 0-1

[Event "EOBCC 2020"]
[Site "Online"]
[Date "2020.12.18"]
[Round "10.17"]
[White "Khanin, Semen"]
[Black "Saric, Ivan"]
[Result "0-1"]
[WhiteElo "2511"]
[BlackElo "2652"]
[Annotator "RC"]
[PlyCount "84"]
[EventDate "2020.12.18"]
[EventType "tourn"]
[EventCountry "NET"]
[SourceTitle "playchess.com"]
[Source "ChessBase"]
[SourceQuality "1"]

1. e4 c5 2. Nf3 Nc6 3. d4 cxd4 4. Nxd4 Nf6 5. Nc3 e5 6. Ndb5 d6 7. Bg5 a6 8. Na3 b5 9. Bxf6 gxf6 10. Nd5 Bg7 11. c3 f5 12. g3 fxe4 13. Bg2 O-O 14. Bxe4 Be6 15. O-O f5 16. Nf4 exf4 17. Bxc6 fxg3 18. hxg3 f4 19. Bd5 Bxd5 20. Qxd5+ Kh8 21. Nc2 Be5 22. Nd4 fxg3 23. fxg3 Qg5 24. Rf3 Rae8 25. Raf1 Rxf3 26. Rxf3 Qc1+ 27. Kg2 Qxb2+ 28. Kh3 Qc1 29. Rf7 Qh6+ 30. Kg2 Qd2+ 31. Kh3 Rg8 32. Rf3 Qd1 33. Re3 Qf1+ 34. Qg2 Qf6 35. Qe4 Qf1+ 36. Qg2 Qf7 37. Qe4 Qxa2 38. Nf5 Qe6 39. g4 Qg6 40. Qf3 h5 41. gxh5 Qg1 42. Re4 Qh2# 0-1

[Event "EOBCC 2020"]
[Site "Online"]
[Date "2020.12.18"]
[Round "10.18"]
[White "Livaic, Leon"]
[Black "Svane, Rasmus"]
[Result "1-0"]
[WhiteElo "2507"]
[BlackElo "2613"]
[Annotator "TA"]
[PlyCount "89"]
[EventDate "2020.12.18"]
[EventType "tourn"]
[EventCountry "NET"]
[SourceTitle "playchess.com"]
[Source "ChessBase"]
[SourceQuality "1"]

1. d4 e6 2. e4 d5 3. exd5 exd5 4. Bd3 c5 5. Nf3 c4 6. Be2 Bd6 7. O-O Ne7 8. b3 cxb3 9. axb3 O-O 10. c4 Nbc6 11. Nc3 Bb4 12. Nxd5 Nxd5 13. cxd5 Qxd5 14. Bc4 Qh5 15. Ne5 Qxd1 16. Rxd1 Nxe5 17. dxe5 Bc3 18. Ra2 Bg4 19. f3 Rfd8 20. Rxd8+ Rxd8 21. Be3 Bc8 22. Bxa7 Bxe5 23. Bb6 Bd4+ 24. Bxd4 Rxd4 25. Kf2 Kf8 26. Ke3 Rd8 27. h4 Ke7 28. g4 Bd7 29. Rd2 Ra8 30. Bxf7 Bc6 31. Bd5 Ra3 32. Bg8 h6 33. Rd3 Ra1 34. Kf4 Rb1 35. g5 hxg5+ 36. hxg5 Rb2 37. Bc4 Rb1 38. Re3+ Kd6 39. Re6+ Kc5 40. Rg6 b5 41. Be6 Rf1 42. Bg4 Rb1 43. Rxg7 Rxb3 44. g6 b4 45. Rc7 1-0

[Event "EOBCC 2020"]
[Site "Online"]
[Date "2020.12.18"]
[Round "10.19"]
[White "Krzyzanowski, Marcin"]
[Black "Banikas, Hristos"]
[Result "1-0"]
[WhiteElo "2503"]
[BlackElo "2602"]
[Annotator "ChessBase"]
[PlyCount "53"]
[EventDate "2020.12.18"]
[EventType "tourn"]
[EventCountry "NET"]
[SourceTitle "playchess.com"]
[Source "ChessBase"]
[SourceQuality "1"]

1. c4 Nf6 2. g3 c5 3. Bg2 d5 4. cxd5 Nxd5 5. Nc3 Nc7 6. Nf3 Nc6 7. O-O e5 8. b3 Be7 9. Bb2 O-O 10. e3 Qd3 11. Rc1 b6 12. Na4 f6 13. Ne1 Qd7 14. d4 exd4 15. exd4 Rd8 16. Nf3 Ba6 17. Re1 Rac8 18. dxc5 Qxd1 19. Rexd1 Rxd1+ 20. Rxd1 b5 21. Nh4 bxa4 22. Bxc6 axb3 23. axb3 Bxc5 24. Nf5 Bb5 25. Rc1 Bxc6 26. Rxc5 Ne6 27. Rxc6 1-0

[Event "EOBCC 2020"]
[Site "Online"]
[Date "2020.12.18"]
[Round "10.20"]
[White "Jakubowski, Krzysztof"]
[Black "Shevchenko, Kirill"]
[Result "1-0"]
[WhiteElo "2497"]
[BlackElo "2592"]
[Annotator "ChessBase"]
[PlyCount "75"]
[EventDate "2020.12.18"]
[EventType "tourn"]
[EventCountry "NET"]
[SourceTitle "playchess.com"]
[Source "ChessBase"]
[SourceQuality "1"]

1. e4 c5 2. Nf3 d6 3. d4 cxd4 4. Nxd4 Nf6 5. Nc3 a6 6. Be3 e5 7. Nb3 Be6 8. h3 Nc6 9. g4 d5 10. exd5 Nxd5 11. Nxd5 Qxd5 12. f3 O-O-O 13. Qe2 Be7 14. c3 Bh4+ 15. Bf2 Bxf2+ 16. Kxf2 Qd6 17. Bg2 Bxb3 18. axb3 Qc5+ 19. Kg3 h5 20. Rhd1 h4+ 21. Kh2 Qb6 22. b4 Rxd1 23. Rxd1 Qc7 24. b5 axb5 25. Qxb5 Rd8 26. Ra1 Rd2 27. Kh1 Kb8 28. Qa4 Qd6 29. b4 e4 30. fxe4 Qg3 31. Rg1 Qxc3 32. b5 Qb4 33. Qa1 Nd4 34. Rb1 Qc5 35. b6 Nc6 36. Qxg7 Ne5 37. Qh8+ Qc8 38. Qxe5+ 1-0

[Event "EOBCC 2020"]
[Site "Online"]
[Date "2020.12.18"]
[Round "10.21"]
[White "Stefanova, Antoaneta"]
[Black "Hakobyan, Aram"]
[Result "0-1"]
[WhiteElo "2466"]
[BlackElo "2598"]
[Annotator "ChessBase"]
[PlyCount "116"]
[EventDate "2020.12.18"]
[EventType "tourn"]
[EventCountry "NET"]
[SourceTitle "playchess.com"]
[Source "ChessBase"]
[SourceQuality "1"]

1. d4 e6 2. Nf3 c5 3. e3 Nf6 4. Bd3 b6 5. O-O Bb7 6. c4 Bxf3 7. Qxf3 Nc6 8. d5 Ne5 9. Qe2 exd5 10. cxd5 Nxd3 11. Qxd3 Bd6 12. e4 O-O 13. f4 c4 14. Qf3 Bc5+ 15. Kh1 d6 16. Nc3 Re8 17. Re1 b5 18. Be3 Bxe3 19. Rxe3 b4 20. Ne2 Qb6 21. Ng3 Nxd5 22. Re2 Nc7 23. Rd1 Rad8 24. Nf5 Ne6 25. Red2 Qc5 26. Rd5 Qc7 27. Nxd6 Rf8 28. e5 c3 29. bxc3 Qxc3 30. Qxc3 bxc3 31. g3 Rb8 32. Rc1 Rb2 33. Rxc3 Rxa2 34. h4 g6 35. Ne4 Rb8 36. Rd2 Rb1+ 37. Kg2 Rxd2+ 38. Nxd2 Rb2 39. Rd3 Kg7 40. Kf3 a5 41. Nc4 Rb5 42. Rd7 Rb3+ 43. Kg2 Nc5 44. Ra7 a4 45. Nd6 a3 46. Rxf7+ Kg8 47. Ra7 Rb2+ 48. Kf3 a2 49. Nc4 Rb4 50. Nd2 Na4 51. Ne4 Rxe4 52. Kxe4 a1=Q 53. Kf3 Qh1+ 54. Kg4 Qd1+ 55. Kh3 Nc5 56. Ra8+ Kg7 57. Ra7+ Kh6 58. Rc7 Qf1+ 0-1

[Event "EOBCC 2020"]
[Site "Online"]
[Date "2020.12.18"]
[Round "10.23"]
[White "Aleksandrov, Aleksej"]
[Black "Nikolovski, Nikola"]
[Result "1-0"]
[WhiteElo "2574"]
[BlackElo "2454"]
[Annotator "ChessBase"]
[PlyCount "73"]
[EventDate "2020.12.18"]
[EventType "tourn"]
[EventCountry "NET"]
[SourceTitle "playchess.com"]
[Source "ChessBase"]
[SourceQuality "1"]

1. d4 Nf6 2. c4 c5 3. d5 e6 4. Nc3 exd5 5. cxd5 d6 6. Nf3 g6 7. Bf4 a6 8. a4 Bg7 9. e4 O-O 10. Be2 Re8 11. Nd2 Nbd7 12. Bxd6 Qb6 13. Nc4 Qb4 14. O-O Nxe4 15. Na2 Qxc4 16. Bxc4 Nxd6 17. Qc1 Bd4 18. Bb3 Ne5 19. Qf4 Bd7 20. Nc3 Nf5 21. Bc2 Nc4 22. Rad1 Nxb2 23. Bxf5 Nxd1 24. Bxd7 Nxc3 25. Qc7 Nxd5 26. Qxb7 Nf6 27. Bxe8 Rxe8 28. Qxa6 Ng4 29. h3 Nxf2 30. Rxf2 Re1+ 31. Qf1 Bxf2+ 32. Kxf2 Rxf1+ 33. Kxf1 c4 34. a5 c3 35. Ke2 c2 36. Kd2 Kg7 37. Kxc2 1-0

[Event "EOBCC 2020"]
[Site "Online"]
[Date "2020.12.18"]
[Round "10.24"]
[White "Shahinyan, David"]
[Black "Mchedlishvili, Mikheil"]
[Result "1-0"]
[WhiteElo "2452"]
[BlackElo "2570"]
[Annotator "ChessBase"]
[PlyCount "47"]
[EventDate "2020.12.18"]
[EventType "tourn"]
[EventCountry "NET"]
[SourceTitle "playchess.com"]
[Source "ChessBase"]
[SourceQuality "1"]

1. e4 c5 2. Nc3 e6 3. g3 Nc6 4. Bg2 g6 5. d3 Bg7 6. Be3 Nd4 7. Qd2 d6 8. Nd1 e5 9. f4 Nf6 10. c3 Nc6 11. h3 Nh5 12. Ne2 exf4 13. gxf4 O-O 14. O-O f5 15. Nf2 Be6 16. d4 cxd4 17. Nxd4 Nxd4 18. Bxd4 Bxd4 19. Qxd4 Nxf4 20. Kh1 Qg5 21. Rg1 Rad8 22. Rae1 Nxg2 23. Rxg2 Qf4 24. Reg1 1-0